Katonai védők
Menoslov advokátov z Košíc, Sátoraljaujhely, Michaloviec a Vranova, ktorí sa prihlásili za vojenských obhájcov v súvislosti so zákonom o vojenskom súdnom rokovacom poriadku
| Médium: | Článok |
|---|---|
| Jazyk: | Hungarian |
| Témy: | |
| Zdroj: |
1. Kassai Ujság : Abauj-Torna vármegye és Kassa szab. kir. város függetlenségi és 48-as pártjának lapja 1. Roč. 5, č. 134 (16.06.1914), s. 3 |
| LEADER | 01106nab#a2200337#ar4500 | ||
|---|---|---|---|
| 001 | 000071539 | ||
| 003 | SVKKK | ||
| 005 | 20070710095011.0 | ||
| 008 | 060725c xo e huno | ||
| FMT | |||
| 038 | |a SVKKK | ||
| 040 | |a SVKKK |b slo |e AACR2 | ||
| 041 | 0 | |a hun | |
| 044 | |a xo |c SK | ||
| 080 | |a 347.965 |2 1997 | ||
| 080 | |a 356.35 |2 1997 | ||
| 242 | 1 | 0 | |a Vojenskí obhájcovia |
| 245 | 0 | 0 | |a Katonai védők |
| 520 | 2 | |a Menoslov advokátov z Košíc, Sátoraljaujhely, Michaloviec a Vranova, ktorí sa prihlásili za vojenských obhájcov v súvislosti so zákonom o vojenskom súdnom rokovacom poriadku | |
| 650 | 0 | 4 | |a advokáti vojenskí |x menoslovy |z Košice (Slovensko) |z Michalovce (Slovensko) |z Vranov (Slovensko) |z Sátoraljaujhely (Slovensko/Maďarsko) |y 1914 |
| 773 | 0 | |t Kassai Ujság : Abauj-Torna vármegye és Kassa szab. kir. város függetlenségi és 48-as pártjának lapja |g Roč. 5, č. 134 (16.06.1914), s. 3 | |
| 957 | |a 713 | ||
| 957 | |a 802 | ||
| 957 | |a 807 | ||
| 957 | |a 811 | ||
| 958 | |a DG | ||
| 958 | |a HU | ||
| 974 | |a Ba | ||
| 992 | |a RBX | ||
| BAS | |||
| 998 | |a RETRO | ||